Nondescript rock marks Philippine navel/ (Record no. 362133)
[ view plain ]
| 000 -LEADER | |
|---|---|
| fixed length control field | 00439nam a2200157Ia 4500 |
| 008 - FIXED-LENGTH DATA ELEMENTS--GENERAL INFORMATION | |
| fixed length control field | 190912s9999 xx 000 0 und d |
| 100 ## - MAIN ENTRY--PERSONAL NAME | |
| Personal name | Cinco, Maricar |
| 245 ## - TITLE STATEMENT | |
| Title | Nondescript rock marks Philippine navel/ |
| 245 ## - TITLE STATEMENT | |
| Statement of responsibility, etc | Maricar Cinco |
| 260 ## - PUBLICATION, DISTRIBUTION, ETC. (IMPRINT) | |
| Name of publisher, distributor, etc | Philippine Daily Inquirer |
| 260 ## - PUBLICATION, DISTRIBUTION, ETC. (IMPRINT) | |
| Date of publication, distribution, etc | 2018 |
| 300 ## - PHYSICAL DESCRIPTION | |
| Extent | September 2, page A10 |
| 440 ## - SERIES STATEMENT/ADDED ENTRY--TITLE | |
| Title | Philippine Daily Inquirer |
| 650 ## - SUBJECT ADDED ENTRY--TOPICAL TERM | |
| Topical term or geographic name as entry element | Geology -- rocks |
| 650 ## - SUBJECT ADDED ENTRY--TOPICAL TERM | |
| Topical term or geographic name as entry element | Science -- Geology |
| Withdrawn status | Lost status | Damaged status | Home library | Current library | Date acquired | Total Checkouts | Date last seen | Price effective from | Koha item type |
|---|---|---|---|---|---|---|---|---|---|
| Luxembourg Library | Luxembourg Library | 09/12/2019 | 09/12/2019 | 09/12/2019 | Periodicals |